000 00906nam a2200277 i 4500
001 18630
003 ES-MaACL
005 20250718062533.0
007 t|
008 011031s2001 sp ||||0| spa j
020 _a84-313-1610-1
040 _aM-BN
_bspa
_cM-BN
080 _a1 Popper, Karl Raimund
080 _a17
100 1 _aArtigas, Mariano.
_923467
245 1 0 _aLógica y ética en Karl Popper
_b: (se incluyen unos comentarios inéditos de Popper sobre Bartley y el racionalismo crítico) /
_cMariano Artigas.
250 _a2ª ed.
260 _aPamplona :
_bEUNSA,
_c2001.
300 _a159 p ;
_c24 cm.
490 1 _aColección filosófica ;
_v136
600 1 4 _aPopper, Karl Raimund-
_xCrítica e interpretación.
_993109
650 1 7 _aÉtica
_2embne
_912577
830 0 _aColección filosófica ;
_v136
_9180473
852 _aES-MaACL
_jL-25194
_bR.130655
999 _c18630
_d18630